000
00441nam a2200145Ia 4500
008
100122s9999 xx 000 0 und d
082
_b
12306
_a
822.08
100
_a
दारव्हेकर पुरुषोत्तम
245
_a
अबोल झाली सतार
260
_c
1964
300
_a
40
630
_a
अबोल झाली सतार
730
_a
अबोल झाली सतार
942
_c
BOOK
999
_c
403492
_d
403489